|
|
|
|
| LEADER |
01059nam a2200277 4500 |
| 001 |
DLU210196064 |
| 005 |
##20210414 |
| 040 |
# |
# |
|a DLU
|b vie
|
| 041 |
# |
# |
|a vie
|
| 044 |
# |
# |
|a vn
|
| 100 |
# |
# |
|a Trịnh Hải Yến.
|
| 245 |
# |
# |
|a Trách nhiệm không phủ quyết của các nước ủy viên thường trực Hội đồng Bảo an trong việc ngăn chặn tội ác diệt chủng /
|c Trịnh Hải Yến, Trương Công Thịnh.
|
| 653 |
# |
# |
|a Hội đồng Bảo an
|
| 653 |
# |
# |
|a Tội ác diệt chủng
|
| 653 |
# |
# |
|a Tội ác quốc tế
|
| 653 |
# |
# |
|a Trách nhiệm bảo vệ
|
| 700 |
# |
# |
|a Trương Công Thịnh.
|
| 773 |
# |
# |
|t Nghiên cứu quốc tế
|g Số 2(117), 2019, tr. 207-230
|
| 920 |
# |
# |
|a Phòng Tạp chí -- Trung tâm Thông tin - Thư viện Trường Đại học Đà Lạt
|
| 900 |
# |
# |
|a True
|
| 911 |
# |
# |
|a Nguyễn Thị Thu Phương
|
| 925 |
# |
# |
|a G
|
| 926 |
# |
# |
|a A
|
| 927 |
# |
# |
|a BB
|
| 980 |
# |
# |
|a Thư viện Trường Đại học Đà Lạt
|